00466cam a22001217a 4500008004000000082001500040100002000055245009800075260006900173300000800242650006400250650003000314180718b1991 xxu||||| |||| 00| 0 eng d aLmx54 B146 aBagchi, Amaresh aState of municipal finances in Indian and the issue of devolution: a notecby Ameresh, Bagchi aNew DelhibNational Institute Of public Finance And Policyc1991 a18p aNational Institute of Public Finance And Policy , New Delhi aMunicipal Finance - India